000 00509nam a22001577a 4500
999 _c181707
_d181707
005 20211004161017.0
010 _aEN230921
020 _a9789352534029
_c749.00
037 _bS. Chand
100 _aAggarwal, R. S.
245 _aQuantitative aptitude for competitive examinations /
_cby R. S. Aggarwal
260 _aNew Delhi
_bS. Chand
_c2021
270 _aBlock B-1, House No.D-1, Ground Floor, Mohan Cooperative Industrial Estate
_bNew Delhi
_e110044
300 _a952p.
_c26cm(pbk)
942 _2ddc
_cEN
_mAGG